000 00822nam a22002175i 4500
001 158096
003 ES-MaACL
005 20230906211015.0
008 990913s1841 fr |||| | fre d
040 _aCCPB | B
_bspa
_cCCPB | B
100 1 _aLoreau, J. L.
_9129067
245 1 0 _aDu Crédit Foncier et des moyens de le Fonder, ou Création d'un système hypothécaire ... /
_cJ. L. Loreau.
260 _aA Paris :
_bchez L. Hachette, Libraire de l'Université,
_c1841 (
_ePoitiers :
_fImp. de F. A. Saurin)
300 _a339 p., [1] h. pleg. ;
_c23 cm.
596 1 _aDatos de imp. tomados de colofón.
597 1 _aAntep.
650 4 _aCrédito financiero-
_zFrancia.
_9135840
740 0 _aCréation d'un système hypothécaire ...
752 _aFrancia -
_dParís
852 _aES-MaACL
_jG-10201
_z-- Enc. tela
999 _c158096
_d158096